Heat transfer (Record no. 3641)

000 -LEADER
fixed length control field 00564nam a2200229 a 4500
001 - CONTROL NUMBER
control field 3641
003 - CONTROL NUMBER IDENTIFIER
control field BD-DhUET
008 - FIXED-LENGTH DATA ELEMENTS--GENERAL INFORMATION
fixed length control field 960506s1997 nyua b 001 0 eng
020 ## - INTERNATIONAL STANDARD BOOK NUMBER
International Standard Book Number 0071143203
020 ## - INTERNATIONAL STANDARD BOOK NUMBER
International Standard Book Number 0078447852
040 ## - CATALOGING SOURCE
Original cataloging agency DLC
Transcribing agency DLC
Modifying agency BD-DhUET
082 00 - DEWEY DECIMAL CLASSIFICATION NUMBER
Classification number 621.011
Item number HOL/1997
100 1# - MAIN ENTRY--PERSONAL NAME
Personal name Holman, J. P.
245 10 - TITLE STATEMENT
Title Heat transfer
250 ## - EDITION STATEMENT
Edition statement 8th ed.
260 ## - PUBLICATION, DISTRIBUTION, ETC. (IMPRINT)
Place of publication, distribution, etc. New York
Name of publisher, distributor, etc. McGraw-Hill
Date of publication, distribution, etc. 1997
300 ## - PHYSICAL DESCRIPTION
Extent xviii, 696 p.
Other physical details ill.
490 ## - SERIES STATEMENT
Series statement Schaum's outline series
504 ## - BIBLIOGRAPHY, ETC. NOTE
Bibliography, etc Includes bibliographies
650 #0 - SUBJECT ADDED ENTRY--TOPICAL TERM
Topical term or geographic name as entry element Heat transfer
942 ## - ADDED ENTRY ELEMENTS (KOHA)
Koha item type General Book
Holdings
Koha date last borrowed Copy number Koha normalized classification for sorting Location (home branch) Koha date last seen Source of classification or shelving scheme Koha full call number Sublocation or collection (holding branch) Koha issues (times borrowed) Piece designation (barcode) Koha out on loan Withdrawn status Price effective from Shelving location Lost status Date acquired Not for loan Damaged status Koha item type
2025-04-271621_011000000000000_HOL_1997Central Library, BUET2025-04-27 621.011/HOL/1997Central Library, BUET3924502025-05-11 2014-11-03Circulation section 2014-11-03  General Book
 2621_011000000000000_HOL_1997Central Library, BUET2014-11-03 621.011/HOL/1997Central Library, BUET 92452  2014-11-03Circulation section 2014-11-03  General Book
 3621_000000000000000_011HOL1997Central Library, BUET2016-07-30 621.011/HOL/1997Central Library, BUET 92453  2014-11-03Circulation section 2014-11-03  General Book
2022-01-094621_000000000000000_011HOL1997Central Library, BUET2022-06-08 621.011/HOL/1997Central Library, BUET192454  2014-11-03Circulation section 2014-11-03  General Book
2024-10-025621_000000000000000_011HOL1997Central Library, BUET2024-10-28 621.011/HOL/1997Central Library, BUET292455  2014-11-03Circulation section 2014-11-03  General Book
2023-12-106621_000000000000000_011HOL1997Central Library, BUET2024-08-31 621.011/HOL/1997Central Library, BUET392457  2014-11-03Circulation section 2014-11-03  General Book
 7621_000000000000000_011HOL1997Central Library, BUET2014-11-03 621.011/HOL/1997Central Library, BUET 92459  2014-11-03Circulation section 2014-11-03  General Book
2024-03-128621_011000000000000_HOL_1997Central Library, BUET2024-08-28 621.011/HOL/1997Central Library, BUET192460  2014-11-03Circulation section 2014-11-03  General Book
2024-04-089621_000000000000000_011HOL1997Central Library, BUET2024-06-22 621.011/HOL/1997Central Library, BUET192461  2014-11-03Circulation section 2014-11-03  General Book
2024-12-1010621_000000000000000_011HOL1997Central Library, BUET2025-03-12 621.011/HOL/1997Central Library, BUET592462  2014-11-03Circulation section 2014-11-03  General Book
2015-03-0411621_000000000000000_011HOL1997Central Library, BUET2017-05-03 621.011/HOL/1997Central Library, BUET192464  2014-11-03Circulation section 2014-11-03  General Book
2019-06-1712621_000000000000000_011HOL1997Central Library, BUET2019-07-10 621.011/HOL/1997Central Library, BUET392465  2014-11-03Circulation section 2014-11-03  General Book
2022-05-2413621_000000000000000_011HOL1997Central Library, BUET2022-06-08 621.011/HOL/1997Central Library, BUET392466  2014-11-03Circulation section 2014-11-03  General Book
 14621_011000000000000_HOL_1997Central Library, BUET2015-04-12 621.011 HOL/1997Central Library, BUET 92468  2015-04-12Circulation section 2015-04-12  General Book
 15621_011000000000000_HOL_1997Central Library, BUET2015-07-02 621.011/HOL/1997Central Library, BUET 92447  2015-07-02Reading section 2015-07-02  Reading Item
 16621_011000000000000_HOL_1997Central Library, BUET2015-07-09 621.011/HOL/1997Central Library, BUET 92446  2015-07-09Reading section 2015-07-09  Reading Item